|
|
|
|
| LEADER |
00000nta a2200000 i 4500 |
| 001 |
dolg880 |
| 005 |
20151126112514.0 |
| 008 |
150305suuuu hu om 000 hun d |
| 040 |
|
|
|a BGE Dolgozattár Repozitórium
|b hun
|
| 041 |
|
|
|a hun
|
| 100 |
1 |
|
|a Sándor Henrik
|
| 245 |
1 |
2 |
|a A Media Markt online stratégiája
|h [elektronikus dokumentum] /
|c Sándor Henrik
|
| 695 |
|
|
|a Online marketing
|
| 695 |
|
|
|a Marketingstratégia
|
| 700 |
0 |
2 |
|a Dr. Kopcsay László
|e ths
|
| 856 |
4 |
0 |
|u http://dolgozattar.uni-bge.hu/880/1/S%C3%A1ndor%20Henrik%20-%20A%20Media%20Markt%20online%20strat%C3%A9gi%C3%A1ja%202014.pdf
|z Dokumentum-elérés
|